000
00285nam a22001217a 4500
008
180202b xxu||||| |||| 00| 0 eng d
041
_a
eng
080
_a
547
100
_a
12
101
_a
KIM
245
_a
Equilibrium Concepts in Natural Water Systems
_c
Gould, R.F
942
_2
udc
_c
BK
999
_c
41649
_d
41649